A history of the pakistan army (Record no. 185618)

000 -LEADER
fixed length control field 00901 a2200169 4500
003 - CONTROL NUMBER IDENTIFIER
control field Nust
005 - DATE AND TIME OF LATEST TRANSACTION
control field 20170207153419.0
040 ## - CATALOGING SOURCE
Transcribing agency Nust
082 ## - DEWEY DECIMAL CLASSIFICATION NUMBER
Classification number 355.03
100 ## - MAIN ENTRY--PERSONAL NAME
Personal name Cloughley Brian
245 ## - TITLE STATEMENT
Title A history of the pakistan army
260 ## - PUBLICATION, DISTRIBUTION, ETC.
Place of publication, distribution, etc. pakistan
Name of publisher, distributor, etc. Army Edu press
505 ## - FORMATTED CONTENTS NOTE
Formatted contents note The Beginning (Page-1), Ayub Khan Adjutant General To President (Page-23), Preparation of War (Page-52), 1965 Phase one Kashmir (Page-63), The September War (Page-79), The Last Year of Ayub Khan (Page-124), Yahya Khan and the Inevitability of the 1971 War (Page-144), Civil War in the India Invasion(Page-160), War in the West and the Fall of Yahya (Page-222), Zulfikar Ali Bhutto (Page-239), The Years of Zia (Page-271), Democracy Again (Page-300), The New Modern Army (Page-339), Epilogue Karamat to Kargil (Page-360),
538 ## - SYSTEM DETAILS NOTE
System details note Almirah No.53 Shelf No.4
600 ## - SUBJECT ADDED ENTRY--PERSONAL NAME
Personal name Brian Cloughley
650 ## - SUBJECT ADDED ENTRY--TOPICAL TERM
Topical term or geographic name entry element Pakistan Army
942 ## - ADDED ENTRY ELEMENTS (KOHA)
Source of classification or shelving scheme
Koha item type Book
Holdings
Withdrawn status Lost status Source of classification or shelving scheme Damaged status Not for loan Collection code Permanent Location Current Location Date acquired Total Checkouts Full call number Barcode Date last seen Price effective from Koha item type
            Military College of Signals (MCS) Military College of Signals (MCS) 12/12/2016   355.33 CLO MCS28821 12/08/2016 12/12/2016 Book
© 2023 Central Library, National University of Sciences and Technology. All Rights Reserved.